| 000 | 02350cab a2200289 4500 | ||
|---|---|---|---|
| 001 | ##L133592 | ||
| 008 | 060522n2006 000 0 eng u | ||
| 035 | _a(Sirsi) u133592 | ||
| 041 | 0 | _aeng | |
| 245 | 0 | 0 | _aO'Connor and another v Wiltshire County Council |
| 260 | _c2006 | ||
| 490 | 0 |
_aEstates Gazette _v[2006] 18 EG 152-157(6) |
|
| 520 | _aLT, 6 February 2006. Considers whether the Land Compensation Act 1973 s19(3) applied in respect of a claim for compensation under Part I of the Act relating to depreciation in value of property caused by road noise. Developers had made an agreement (to which the affected landowners (O) had been party) with W to construct the Calne Northern Distributor Road (NDR) and which provided for the adoption of the NDR as a highway maintainable at public expense. W resisted O's claim for compensation under Part I of the Act contending that s19(3) applied. This states that no claim for compensation for depreciation under Part I can be made where a highway does not become maintainable at public expense within three years of opening which was the case with the NDR. O contended that s19(3) should be interpreted in accordance with the Human Rights Act 1998. "Held": claim dismissed. The possibility of a breach of Convention rights does not place any burden on the highway authority to establish the reasonableness or justification for the compensation provisions of the Act. The NDR was constructed by the highway authority under the Highways Act 1980 s24(2) and therefore was not maintainable at public expense from the date of its opening. | ||
| 590 | _aIKA230506 | ||
| 650 | 2 | 4 | _aO'CONNOR V WILTSHIRE CC |
| 650 | 2 | 4 | _aHIGHWAYS ACT 1980 S24(2) |
| 650 | 2 | 4 | _aLAND COMPENSATION ACT 1973 PART I |
| 650 | 2 | 4 | _aTOWN AND COUNTRY PLANNING ACT 1990 S106 |
| 650 | 2 | 4 | _aLAND COMPENSATION ACT 1973 S 19(3) |
| 650 | 2 | 4 | _aHUMAN RIGHTS ACT 1998 S3 |
| 650 | 2 | 4 | _aCONVENTION FOR THE PROTECTION OF HUMAN RIGHTS AND FUNDAMENTAL FREEDOMS ART 6 |
| 650 | 2 | 4 | _aCONVENTION FOR THE PROTECTION OF HUMAN RIGHTS AND FUNDAMENTAL FREEDOMS ART 8 |
| 650 | 2 | 4 | _aCONVENTION FOR THE PROTECTION OF HUMAN RIGHTS AND FUNDAMENTAL FREEDOMS FIRST PROTOCOL ART 1 |
| 651 | 4 |
_aEngland and Wales _y1543- |
|
| 690 | _aENVIRONMENTAL AND LAND CONSULTANCY-PLANNING AND DEVELOPMENT-COMPULSORY PURCHASE AND COMPENSATION | ||
| 942 | _n0 | ||
| 999 |
_c77098 _d77098 |
||